Mannarinju valam cherkkuka (Record no. 48583)

MARC details
000 -LEADER
fixed length control field 00249nam a2200109Ia 4500
100 ## - MAIN ENTRY--AUTHOR NAME
Personal name Nair A N S
245 #0 - TITLE STATEMENT
Title Mannarinju valam cherkkuka
260 ## - PUBLICATION, DISTRIBUTION, ETC. (IMPRINT)
Name of publisher Rubber
Year of publication 2008
300 ## - PHYSICAL DESCRIPTION
Number of Pages 13-Dec
942 ## - ADDED ENTRY ELEMENTS (KOHA)
Koha item type Bibliography STAF
Holdings
Withdrawn status Lost status Damaged status Not for loan Home library Current library Shelving location Date acquired Serial Enumeration / chronology Koha item type
      Bibliography RRII Library RRII Library Agronomy 29/10/2008 Volume 511, Issue Oct Bibliography STAF